| 000 | 02215nam a22002537a 4500 | ||
|---|---|---|---|
| 008 | 251021b |||||||| |||| 00| 0 eng d | ||
| 020 | _a9782253907824 | ||
| 040 | _cTBS | ||
| 041 | _afre | ||
| 050 |
_aPQ2716.A82 _bP76 2023 |
||
| 100 |
_aPascot, Panayotis _926239 _eauthor |
||
| 245 |
_aLa prochaine fois que tu mordras la poussière _c/ Panayotis Pascot |
||
| 260 |
_aParis : _bStock, _c2023. |
||
| 300 |
_a210 pages ; _c18 cm. |
||
| 520 | _aCe livre me fait peur. Le processus a été douloureux. Mon père nous a annoncé qu’il n’allait pas tarder à mourir et je me suis mis à écrire. Trois années au peigne fin, mes relations, mes pensées paranoïaques, mon rapport étrange à lui, crachés sur le papier. Je me suis donné pour but de le tuer avant qu’il ne meure. C’est l’histoire de quelqu’un qui cherche à tuer. Soi, ou le père, finalement ça revient au même. » Panayotis Pascot s’attaque d’une plume tranchante et moderne à trois thématiques qu’il tisse pour composer un récit autofictif aussi acide qu’ultralucide. L’acceptation de son homosexualité, la dépression et la relation filiale s’enchevêtrent ici dans un violent passage à l’âge adulte. | ||
| 520 | _a"This book scares me. The process was painful. My father told us he wouldn’t be long for this world and I started to write. Three years under the microscope: my relationships, my paranoid thoughts, my strange bond with him—spat onto the page. I set myself the goal of killing him before he died. It’s the story of someone who seeks to kill. Oneself, or the father—ultimately it’s the same thing." Panayotis Pascot tackles, with a sharp, modern pen, three themes that he weaves together to create an autofictional narrative as acid as it is searingly lucid. The acceptance of his homosexuality, depression, and the filial relationship intertwine here in a violent passage into adulthood. | ||
| 600 | 0 |
_aPascot, Panayotis _xChildhood and youth _926240 |
|
| 650 | 0 |
_aFathers and sons _914403 |
|
| 650 | 0 |
_aDepression, Mental _926241 |
|
| 650 | 0 |
_aHomosexuality _926242 |
|
| 650 | 0 |
_aHumorists, French _vBiography _926243 |
|
| 655 | 0 |
_aAutobiographical fiction _923158 |
|
| 942 | _2lcc | ||
| 999 |
_c5072 _d5072 |
||